Sports Quiz

Random Sports Quiz

2016 UEFA Euro Matches Quiz Stats

 Plays Quiz not verified by Sporcle

Score 0/51 Timer 10:00
0 Plays Today
% Correct
FRANCE 2-1 Romania (Giroud 57'; Payet 89' - Stancu 65' pen.)
99.3%
Albania 0-1 SWITZERLAND (Schär 5')
95.8%
FRANCE 2-0 Albania (Griezmann 90'; Payet 90+6')
81.9%
Romania 0-1 ALBANIA (Sadiku 43')
81.3%
WALES 2-1 Slovakia (Bale 10'; Robson-Kanu 81' - Duda 61')
77.8%
Russia 1-2 SLOVAKIA (Glushakov 80' - Weiss 32'; Hamšík 45')
75.7%
Russia 0-3 WALES (Ramsey 11'; Taylor 20'; Bale 67')
75.7%
POLAND 1-0 Northern Ireland (Milik 51')
75.7%
Irksome 0-2 NORTHERN IRELAND (McAuley 49'; McGinn 90+6')
75.7%
ENGLAND 2-1 Wales (Vardy 56'; Sturridge 90+2' - Bale 42')
75%
GERMANY 2-0 Ukraine (Mustafi 19'; Schweinsteiger 90+2')
75%
Turkey 0-1 CROATIA (Modrić 41')
74.3%
SPAIN 1-0 Czech Republic (Piqué 87')
74.3%
SPAIN 3-0 Turkey (Morata 34', 48'; Nolito 37')
74.3%
CROATIA 2-1 Spain (N. Kalinić 45'; Perišić 87' - Morata 7')
74.3%
Ukraine 0-1 POLAND (Błaszczykowski 54')
73.6%
Northern Ireland 0-1 GERMANY (Gómez 30')
73.6%
BELGIUM 3-0 Republic of Ireland (R. Lukaku 48', 70'; Witsel 61')
73.6%
Czech Republic 0-2 TURKEY (Yilmaz 10'; Tufan 65')
72.9%
Belgium 0-2 ITALY (Giaccherini 32'; Pellè 90+3')
72.9%
ITALY 1-0 Sweden (Éder 88')
72.9%
WALES 1-0 Northern Ireland (McAuley 75' o.g.)
72.9%
Sweden 0-1 BELGIUM (Nainggolan 84')
72.2%
Switzerland 1 (4) - 1 (5) POLAND (Shaqiri 82' - Błaszczykowski 39'. Pen: Lichtsteiner ✔, Xhaka ✖, Shaqiri ✔, Schär ✔, Rodríguez ✖ - Lewandowski ✔, Milik ✔, Glik ✔, Błaszczykowski ✔, Krychowiak ✔)
72.2%
Croatia 0-1 PORTUGAL (Quaresma 117')
72.2%
FRANCE 2-1 Republic of Ireland (Griezmann 58', 61' - Brady 2' pen.)
72.2%
% Correct
Austria 0-2 HUNGARY (Szalai 62'; Stieber 87')
71.5%
GERMANY 3-0 Slovakia (Boateng 8'; Gómez 43'; Draxler 63')
71.5%
Italy 0-1 REPUBLIC OF IRELAND (Brady 85')
70.8%
ICELAND 2-1 Austria (Böðversion 18'; Traustason 90+4' - Schöpf 60')
70.8%
Hungary 0-4 BELGIUM (Alderweireld 10'; Batshuayi 78'; Hazard 80'; Carrasco 90+1')
70.8%
England 1-2 ICELAND (Rooney 4' pen. - R. Sigurðsson 6'; Sigþórsson 18')
70.8%
Poland 1 (3) - 1 (5) PORTUGAL (Lewandowski 2' - Sanches 33'. Pen: Lewandowski ✔, Milik ✔, Glik ✔, Błaszczykowski ✖ - Ronaldo ✔, Sanches ✔, Moutinho ✔, Nani ✔, Quaresma ✔)
70.8%
WALES 3-1 Belgium (A. Williams 31'; Robson-Kanu 55'; Vokes 86' - Nainggolan 13')
70.8%
ITALY 2-0 Spain (Chiellini 33'; Pellè 90+1')
70.1%
FRANCE 5-2 Iceland (Giroud 12', 59'; Pogba 20'; Payet 43'; Griezmann 45' - Sigþórsson 56'; B. Bjarnason 84')
70.1%
GERMANY 1 (6) - 1 (5) Italy (Özil 65' - Bonucci 78' pen. Pen: Kroos ✔, Müller ✖, Özil ✖, Draxler ✔, Schweinsteiger ✖, Hummels ✔, Kimmich ✔, Boateng ✔, Hector ✔ - Insigne ✔, Zaza ✖, Barzagli ✔, Pellè ✖, Bonucci ✖, Giaccherini ✔, Parolo ✔, De Sciglio ✔, Darmian ✖)
69.4%
PORTUGAL 2-0 Wales (Ronaldo 50'; Nani 53')
69.4%
Germany 0-2 FRANCE (Griezmann 45+2' pen., 72')
69.4%
PORTUGAL 1-0 France (Éder 108')
69.4%
Romania 1-1 Switzerland (Stancu 18' pen. - Mehmedi 57')
66%
0-0
63.2%
England 1-1 Russia (Dier 73' - V. Berezutski 90+2')
63.2%
0-0
61.1%
0-0
61.1%
Czech Republic 2-2 Croatia (Škoda 76'; Necid 89' pen. - Perišić 37'; Rakitić 59')
60.4%
Republic of Ireland 1-1 Sweden (Hoolahan 48' - Clark 71' o.g.)
60.4%
Portugal 1-1 Iceland (Nani 31' - B. Bjarnason 50')
59.7%
Iceland 1-1 Hungary (G. Sigurðsson 40' pen. - Sævarsson 88' o.g.)
59.7%
0-0
59%
Hungary 3-3 Portugal (Gera 19'; Dzsudzsák 47', 55' - Nani 42'; Ronaldo 50', 62')
57.6%

You're not logged in!

Compare scores with friends on all Sporcle quizzes.
OR
Log In

Sporcle TV

Today on Sporcle TV


Watch our educational content, quiz creation guides, and fun videos on Sporcle TV.

Show Comments

Extras

Created Jul 10, 2016ReportNominate
Tags:2010s, 2016, Euro 2016, France, UEFA, UEFA Euro

Top Quizzes Today


Score Distribution

Your Account Isn't Verified!

In order to create a playlist on Sporcle, you need to verify the email address you used during registration. Go to your Sporcle Settings to finish the process.

Report this User

Report this user for behavior that violates our Community Guidelines.

Details: